Труды Саратовского о[бщест]ва естествоиспытателей и любителей естествознания. Т.5, вып.2: Результаты исследования фауны червей реки Волги и премных озер у Саратова (Trematodes, Cestodes, Nemathelminthes и Oligochaeta) (Запись № 1898585)
[ простой вид ]
| 000 -МАРКЕР | |
|---|---|
| контрольное поле | 02288nam2a22002891 4500 |
| 001 - ИДЕНТИФИКАТОР ЗАПИСИ | |
| контрольное поле | RU\NLR\IC12\5000102382 |
| 005 - ИДЕНТИФИКАТОР ВЕРСИИ | |
| контрольное поле | 20260406083031.0 |
| 035 ## - ДРУГИЕ СИСТЕМНЫЕ НОМЕРА | |
| Идентификатор записи | (NLR Aleph) 002723883 |
| 100 ## - ДАННЫЕ ОБЩЕЙ ОБРАБОТКИ | |
| Данные общей обработки | 20040122d1907 |||y0rusy50 ca |
| 101 0# - ЯЗЫК РЕСУРСА | |
| Язык текста, звукозаписи и т.д. | русский |
| 102 ## - СТРАНА ПУБЛИКАЦИИ ИЛИ ПРОИЗВОДСТВА | |
| Страна публикации | Российская Федерация |
| 105 ## - ПОЛЕ КОДИРОВАННЫХ ДАННЫХ: ТЕКСТОВЫЕ МАТЕРИАЛЫ, МОНОГРАФИЧЕСКИЕ | |
| Кодированные данные о монографическом текстовом документе | y ||||||||| |
| 200 1# - ЗАГЛАВИЕ И СВЕДЕНИЯ ОБ ОТВЕТСТВЕННОСТИ | |
| Основное заглавие | Результаты исследования фауны червей реки Волги и премных озер у Саратова (Trematodes, Cestodes, Nemathelminthes и Oligochaeta) |
| Первые сведения об ответственности | Лавров С. |
| 210 ## - ПУБЛИКАЦИЯ, РАСПРОСТРАНЕНИЕ И ДР. | |
| Дата издания, распространения и т.д. | 1907 |
| Место издания, распространения и т.д. | Б. м. |
| 225 1# - СЕРИЯ | |
| Основное заглавие серии | Труды Саратовского общества естествоиспытателей и любителей естествознания |
| Обозначение тома | Т.5, вып.2 |
| Наименование части | ... |
| Обозначение тома | Т.3, №3 |
| 309 ## - ПРИМЕЧАНИЯ ОБ ОСНОВНОМ ИСТОЧНИКЕ ИНФОРМАЦИИ И ОБ ОСОБЕННОСТЯХ ПОЛИГРАФИЧЕСКОГО ОФОРМЛЕНИЯ ИЗДАНИЯ | |
| Текст примечания | На обл. дата: 1908 |
| 461 #0 - УРОВЕНЬ НАБОРА | |
| Встроенное поле | 001RU\NLR\INFOCOMM55\1000110838 |
| -- | 2001#$aТруды Саратовского о[бщест]ва естествоиспытателей и любителей естествознания$vТ.5, вып.2 |
| Системный номер (АБИС) связанной записи | 4416634 |
| Автор | Саратовское общество естествоиспытателей |
| Место публикации | Саратов |
| Дата публикации | 1901-1929 |
| Заглавие | Труды Саратовского о[бщест]ва естествоиспытателей и любителей естествознания |
| Номер тома | Т.5, вып.2 |
| 462 #0 - УРОВЕНЬ ПОДНАБОРА | |
| Встроенное поле | 001RU\NLR\IC12\5000102378 |
| -- | 2001#$aРаботы Волжской биологической станции$fНар. ком. просв. РСФСР. Главнаука. Волжск. биол. станция$vТ.3, №3 |
| Системный номер (АБИС) связанной записи | 1898549 |
| Автор | Волжская биологическая станция (Саратов) |
| Место публикации | Саратов |
| Дата публикации | 1900-1930 |
| Первые сведения об ответственности | Нар. ком. просв. РСФСР. Главнаука. Волжск. биол. станция |
| Заглавие | Труды Саратовского о[бщест]ва естествоиспытателей и любителей естествознания. - Работы Волжской биологической станции |
| Номер тома | Т.3, №3 |
| 700 #1 - ИМЯ ЛИЦА - ПЕРВИЧНАЯ ОТВЕТСТВЕННОСТЬ | |
| Код отношения | Автор |
| Графика поля | Кириллица |
| Материалы, к которым относится поле | rus |
| Начальный элемент ввода | Лавров |
| Часть имени, кроме начального элемента ввода | С. Д. |
| Дополнения к именам, кроме дат | энтомолог |
| Даты | 1884-1951 |
| Расширение инициалов личного имени | Сергей Дмитриевич |
| Идентификатор авторитетной/нормативной записи | RU\NLR\AUTH\770277775 |
| Системный номер авторитетной/нормативной записи | 2649742 |
| 801 #1 - ИСТОЧНИК ЗАПИСИ | |
| Страна | Российская Федерация |
| Организация | InfoComm |
| Дата составления | 20040122 |
| 801 #0 - ИСТОЧНИК ЗАПИСИ | |
| Страна | Российская Федерация |
| Организация | NLR |
| Правила каталогизации | PSBO |
| 852 ## - МЕСТОНАХОЖДЕНИЕ И ШИФР ХРАНЕНИЯ | |
| Идентификатор организации | NLR |
| Шифр хранения (Call Number) | П8/146 |
| 942 ## - ДОПОЛНИТЕЛЬНЫЕ ЭЛЕМЕНТЫ ЗАПИСИ (АБИС) | |
| Тип экземпляра АБИС | Выпуск |
| 980 ## - КОЛЛЕКЦИЯ | |
| Название коллекции | Национальная библиография |
| 980 ## - КОЛЛЕКЦИЯ | |
| Название коллекции | Русская периодика |
Нет доступных экземпляров.